MARC details
| 000 -CABECERA |
| campo de control de longitud fija |
00964nam a2200253 u 4500 |
| 005 - FECHA Y HORA DE LA ÚLTIMA TRANSACCIÓN |
| campo de control |
20240919064438.0 |
| 008 - ELEMENTOS DE LONGITUD FIJA--INFORMACIÓN GENERAL |
| campo de control de longitud fija |
100212m20022009mx r 000 0 spa d |
| 020 ## - NÚMERO INTERNACIONAL NORMALIZADO PARA LIBROS |
| Número Internacional Estándar del Libro |
9684444370 (10 dígitos) |
| 020 ## - NÚMERO INTERNACIONAL NORMALIZADO PARA LIBROS |
| Número Internacional Estándar del Libro |
9786074429565 (13 dígitos) |
| 035 ## - NÚMERO DE CONTROL DEL SISTEMA |
| Número de control de sistema |
UPN01000174705 |
| 049 ## - COLECCIÓN |
| Colección |
CG |
| 050 #4 - SIGNATURA TOPOGRÁFICA DE LA BIBLIOTECA DEL CONGRESO |
| Número de clasificación |
QA300 |
| Número de documento/Ítem |
A7.5 2002 |
| 100 1# - ASIENTO PRINCIPAL--NOMBRE PERSONAL |
| Nombre de persona |
Arya, Jagdish C., |
| Fechas asociadas al nombre |
1937- |
| 9 (RLIN) |
37843 |
| 245 10 - MENCIÓN DE TÍTULO |
| Título |
Matemáticas aplicadas : |
| Resto del título |
a la administración y a la economía / |
| Mención de responsabilidad, etc. |
Jagdish C. Arya, Robin W. Lardner ; tr. Víctor Hugo Ibarra Mercado. |
| 250 ## - MENCIÓN DE EDICIÓN |
| Mención de edición |
4a ed. |
| 260 ## - PUBLICACIÓN, DISTRIBUCIÓN, ETC. |
| Lugar de publicación, distribución, etc. |
México : |
| Nombre del editor, distribuidor, etc. |
Pearson Educación, |
| Fecha de publicación, distribución, etc. |
2002 (2009 impr.). |
| 300 ## - DESCRIPCIÓN FÍSICA |
| Extensión |
xiv, 842 p. : |
| Otras características físicas |
gráfs., fórmulas |
| 534 ## - NOTA SOBRE LA VERSIÓN ORIGINAL |
| Frase introductoria |
Título original: |
| Mención de título del original |
Mathematical analysis for business, economics, and the life and social sciences |
| 650 #7 - ASIENTO SECUNDARIO DE MATERIA - TERMINO TEMATICO |
| Término de materia o nombre geográfico como elemento de entrada |
Análisis matemático |
| Fuente del encabezamiento o término |
|
| 9 (RLIN) |
513 |
| 650 #4 - ASIENTO SECUNDARIO DE MATERIA - TERMINO TEMATICO |
| Término de materia o nombre geográfico como elemento de entrada |
Economía matemática |
| 9 (RLIN) |
14138 |
| 650 #4 - ASIENTO SECUNDARIO DE MATERIA - TERMINO TEMATICO |
| Término de materia o nombre geográfico como elemento de entrada |
MATEMATICAS COMERCIALES |
| 9 (RLIN) |
25657 |
| 700 1# - ASIENTO SECUNDARIO--NOMBRE DE PERSONAL |
| Nombre de persona |
Lardner, Robin W., |
| Término indicativo de función/relación |
coaut. |
| 905 ## - TIPO DE MATERIAL |
| Tipo de material |
Libro |